000 00598nam a22001937a 4500
003 OSt
005 20251023060913.0
008 250923b |||||||| |||| 00| 0 eng d
020 _a978-0-07-110197-4.
040 _aDWCL-Main lib
_cOC
082 _aCirc. 577 M726e 2008
100 _aMolles, Manuel C. jr.
245 _aEcology :
_bconcepts and applications
260 _aBoston :
_bMcGraw-Hill,
_cc2008.
300 _axx, 604 pages :
_bcolored illustration ;
_c28 cm.
504 _aIncludes bibliographical references and index.
650 _21. Ecology.
942 _2ddc
_cBK-CIRC
_e4th ed.
_kCirc.
_n0
999 _c4513
_d4513